Представление документа в формате MARC21

ПолеНазваниеЗначение
  Тип записи a
  Библиографический уровень m
001 Контрольный номер RU/URAIT/587691
005 Дата корректировки 20260429163714.2
008 Кодируемые данные 260429s2026 RU y f j 000 0 rus u
020 Индекс ISBN __
a ISBN 978-5-534-20078-2
c Цена, тираж 1829.00
040 Источник каталогиз. __
a Служба первич. каталог. ИКО Юрайт
c Служба, преобразующая запись ИКО Юрайт
e Правила каталог. RCR
041 Код языка издания __
a Код языка текста rus
044 Код страны публикации __
a Код страны публикации RU
080 Индекс УДК __
a Индекс УДК 340.1(075.8)
084 Индекс другой классификации/Индекс ББК __
2 Источник индекса rubbk
a Индекс другой классификации/Индекс ББК 67.0я73
100 Автор __
a Автор Ромашов Р. А.
q Полное имя Ромашов Роман Анатольевич
245 Заглавие __
a Заглавие Теория государства и права для обучающихся по специальности "правоохранительная деятельность"
b Продолж. заглавия учебник для вузов
c Ответственность Р. А. Ромашов [и др.] ; под редакцией Р. А. Ромашова, Е. Л. Харьковского.
250 Сведения об издании __
g пер. и доп
a Основные сведения об издании 2-е изд.
256 Характеристики компьютерного файла __
a Характеристики компьютерного файла Электрон. дан.
260 Выходные данные __
a Место издания Москва
b Издательство Юрайт
c Дата издания 2026
300 Физическое описание __
a Объем 344 с
440 Серия __
a Серия Высшее образование
500 Примечания __
a Примечание URL: https://urait.ru/bcode/587691 (дата обращения: 29.04.2026).
520 Аннотация __
a Аннотация В курсе рассматриваются предмет, методология и важнейшие положения теории государства и права, ее место в системе общественных и юридических наук, раскрываются основные понятия и категории этой фундаментальной науки. Для закрепления материала к каждой теме представлен практикум, включающий вопросы и задания для самоконтроля, а также задания для рассуждения, дискуссии и анализа. В рабочей программе по данной дисциплине сформулированы примерные вопросы для подготовки к экзамену и темы курсовых работ.
538 Прим. о системных особенностях __
a Прим. о системных особенностях Режим доступа: Электронно-библиотечная система Юрайт, для авториз. пользователей
653 Ключевые слова __
a Ключевые слова Основы государства и права. Теория государства и права
653 Ключевые слова __
a Ключевые слова Юридические науки
653 Ключевые слова __
a Ключевые слова Теория государства и права
653 Ключевые слова __
a Ключевые слова Общая теория права и государства
653 Ключевые слова __
a Ключевые слова Основы государства и права
653 Ключевые слова __
a Ключевые слова Общая теория государства и права
653 Ключевые слова __
a Ключевые слова Теория государств и права
700 Другие авторы __
a Другие авторы Харьковский Е. Л.
q Полное имя Харьковский Евгений Леонидович
700 Другие авторы __
a Другие авторы Батова О. С.
q Полное имя Батова Оксана Сергеевна
700 Другие авторы __
a Другие авторы Голенок С. Г.
q Полное имя Голенок Светлана Геннадиевна
700 Другие авторы __
a Другие авторы Кириловская Н. Н.
q Полное имя Кириловская Наталья Николаевна
700 Другие авторы __
a Другие авторы Кузнецова Е. В.
q Полное имя Кузнецова Елена Владимировна
700 Другие авторы __
a Другие авторы Ромашова Г. Т.
q Полное имя Ромашова Галия Талгатовна
700 Другие авторы __
a Другие авторы Самусевич А. Г.
q Полное имя Самусевич Алексей Геннадьевич
700 Другие авторы __
a Другие авторы Свинин Е. В.
q Полное имя Свинин Евгений Валерьевич
700 Другие авторы __
a Другие авторы Софронова С. А.
q Полное имя Софронова Светлана Аркадьевна
700 Другие авторы __
a Другие авторы Степаненко Р. Ф.
q Полное имя Степаненко Равия Фаритовна
700 Другие авторы __
a Другие авторы Тихонов Я. И.
q Полное имя Тихонов Ярослав Игоревич
856 Электронный адрес документа 40
n Местонахождение сервера Юрайт
g Электронная книга
q Тип электронного формата html
h Имя пользователя ЮРАЙТ
v Часы доступа к ресурсу 20271231
2 Способ доступа Показать документ
x Служебное примечание https://urait.ru/book/cover/FBA697EE-E426-40F8-B516-B97988B0C1CC
u URL https://urait.ru/bcode/587691
856 Электронный адрес документа 48
q Тип электронного формата cover
u URL https://urait.ru/book/cover/FBA697EE-E426-40F8-B516-B97988B0C1CC
911 __
u 0030=https://urait.ru/bcode/587691
911 __
u 073a=9785534200782
u 073d=1829.00
911 __
u 106a=s
911 __
u 900l=
952 Тип литературы __
i Дисциплина Теория государства и права
952 Тип литературы __
i Дисциплина Общая теория права и государства
952 Тип литературы __
i Дисциплина Основы государства и права
952 Тип литературы __
i Дисциплина Общая теория государства и права
952 Тип литературы __
i Дисциплина Теория государств и права